| 000 | 00684nam a2200205 i 4500 | ||
|---|---|---|---|
| 001 | 57938 | ||
| 003 | ES-MaACL | ||
| 005 | 20240320062526.0 | ||
| 007 | t| | ||
| 008 | 031020s1974 sp ||||1| spa d | ||
| 100 | 1 |
_aLautréamont _ccomte de. _970665 |
|
| 245 | 1 | 4 |
_aLos cantos de Maldoror / _cConde de Lautreamont ; traducción de Julio Gómez de la Serna ; prólogo de Ramón Gómez de la Serna. |
| 250 | _a2ª ed. | ||
| 260 |
_aBarcelona : _bLabor, _c[1974] |
||
| 300 |
_a275 p. ; _c19 cm. |
||
| 700 | 1 |
_aGómez de la Serna, Ramón, _d1888-1963 _957901 |
|
| 700 | 1 |
_aGómez de la Serna, Julio, _d1895-1983 _957899 |
|
| 852 |
_aES-MaACL _jE-5937 _bR.90349 |
||
| 999 |
_c57938 _d57938 |
||